000
00341nam a2200133 a 4500
005
20140414131905.0
008
100927s19uu xx 00 eng d
050
_a
FIC
_b
St3 2004
100
_a
Stewart, Paul
245
_a
Beyond the deepwoods.
260
_a
New York :
_b
Yearling,
_c
2004.
440
_a
The edge chronicles
999
_c
110891
_d
110891